| 000 | 00753nam a2200205 a 4500 | ||
|---|---|---|---|
| 001 | 000049014 | ||
| 005 | 20240308073618.0 | ||
| 008 | 190715s1986 dr r 000 0 spa d | ||
| 040 |
_aDO-SdBNP _bspa _cBNPHU |
||
| 082 |
_a467.97293 _bE79d |
||
| 100 | 1 |
_aDeive, Carlos Esteban, _d1935-2019 _91916 |
|
| 245 | 1 | 0 |
_aDiccionario de dominicanismos / _cCarlos Esteban Deive. |
| 260 |
_aSanto Domingo : _bPolitecnia, _c1986. |
||
| 300 |
_axxviii, 259 p. ; _c21 cm. |
||
| 500 | _aApéndices: americanismos y arcísmos en el español de Santo Domingo | ||
| 504 | _aBibliografía : p. xi-xvii | ||
| 590 | _aInventariado, 2019/BT | ||
| 650 | 4 |
_aEspañol _xProvincialismos _zRepública Dominicana _xDiccionarios _920541 |
|
| 650 | 4 |
_aDominicanismos _xDiccionarios _919997 |
|
| 999 |
_c48502 _d48502 |
||